000 00584pam a2200217 a 4500
001 463114
005 20180313055558.0
008 840910s1985 nyua b 001 0 eng
010 _a 83049518
020 _a0029250900
040 _aDLC
_cDLC
_dDLC
041 _aeng
080 _a658 POR
082 0 0 _a658 POR
_219
100 1 _a54
101 _aMEN
245 1 0 _aCompetitive advantage :
_cMichael E. Porter.
504 _aBibliography: p. 537-540.
906 _a7
_bcbc
_corignew
_d1
_eocip
_f19
_gy-gencatlg
942 _2ddc
_cBK
999 _c44880
_d44880